[Event "I Weekend B"]
[Site "Noale ITA"]
[Date "2008.02.09"]
[Round "2"]
[White "Forato, Sergio Paolo"]
[Black "Tomio, Dante"]
[Result "1/2-1/2"]
[WhiteElo "1634"]
[BlackElo "1947"]
[PlyCount "62"]
[EventDate "2008.02.08"]

1. c4 c6 2. e4 e6 3. Nc3 d5 4. exd5 exd5 5. cxd5 cxd5 6. d4 Nf6 7. Nf3 Nc6 8.
Be2 Bd6 9. Bg5 Be6 10. O-O h6 11. Be3 a6 12. Rc1 O-O 13. h3 Rc8 14. a3 Ne7 15.
Bd3 Nf5 16. Qd2 Nxe3 17. Qxe3 Re8 18. Qd2 Qd7 19. Ne5 Qe7 20. Rfe1 Qf8 21. f4
Bxe5 22. dxe5 Ne4 23. Nxe4 dxe4 24. Bxe4 Red8 25. Rxc8 Bxc8 26. Qc3 g6 27. Rc1
b5 28. Bd5 Bxh3 29. Bxf7+ Qxf7 30. Qxh3 Qxf4 31. Qe6+ Kh8 1/2-1/2

[Event "I Weekend B"]
[Site "Noale ITA"]
[Date "2008.02.09"]
[Round "2"]
[White "Franceschini, Corrado"]
[Black "Demiraj, Rumi"]
[Result "0-1"]
[WhiteElo "1614"]
[BlackElo "1892"]
[PlyCount "138"]
[EventDate "2008.02.08"]

1. e4 e5 2. Nf3 Nc6 3. Bb5 a6 4. Bxc6 dxc6 5. O-O Bd6 6. d4 exd4 7. Qxd4 f6 8.
Be3 Be6 9. Nbd2 Ne7 10. a3 O-O 11. Rad1 Ng6 12. Nc4 Bf4 13. Qc3 Qe7 14. Na5
Bxe3 15. Qxe3 Rfb8 16. Nd4 Ne5 17. Nxe6 Qxe6 18. Qb3 Qxb3 19. Nxb3 Rd8 20. Nd4
Kf7 21. b3 c5 22. Ne2 b5 23. Rd5 Rxd5 24. exd5 Rd8 25. Rd1 g5 26. b4 cxb4 27.
axb4 Nc6 28. c3 Ne7 29. f4 Rxd5 30. Rxd5 Nxd5 31. f5 Ne3 32. Nd4 Ke7 33. h3 Kd6
34. g4 c5 35. bxc5+ Kxc5 36. Ne6+ Kd6 37. Nd4 h6 38. Ne2 a5 39. Kf2 Nd5 40. Ke1
Kc5 41. Kd2 Nf4 42. Ng3 Kc4 43. Ne4 Nd5 44. Nd6+ Kc5 45. Nb7+ Kb6 46. Nd6 Ne7
47. Kc2 a4 48. Ne4 Ng8 49. Kb2 Kc6 50. Ka3 Kd5 51. Nd2 Kc5 52. Ne4+ Kc4 53.
Nd6+ Kxc3 54. Nxb5+ Kd3 55. Kxa4 Ke3 56. Nc3 Kf3 57. Nd5 Kg3 58. Kb4 Kxh3 59.
Ne3 Kg3 60. Kc4 Kf3 61. Kd3 Ne7 62. Kd4 Kf4 63. Nd5+ Nxd5 64. Kxd5 h5 65. Ke6
h4 66. Kxf6 h3 67. Kg7 h2 68. f6 h1=Q 69. f7 Qb7 0-1

[Event "I Weekend B"]
[Site "Noale ITA"]
[Date "2008.02.09"]
[Round "2"]
[White "Menin, Massimo"]
[Black "Goattin, Luca"]
[Result "0-1"]
[WhiteElo "1520"]
[BlackElo "1774"]
[PlyCount "78"]
[EventDate "2008.02.08"]

1. e4 c5 2. f4 d6 3. Nf3 Nc6 4. Nc3 g6 5. Bb5 Bg7 6. O-O e6 7. d4 cxd4 8. Nxd4
Bd7 9. Bxc6 Bxc6 10. Kh1 Ne7 11. Nxc6 bxc6 12. Ne2 O-O 13. c3 d5 14. e5 Qb6 15.
Rf3 a5 16. a4 c5 17. Qc2 Rab8 18. h3 Rfd8 19. Rd3 Nc6 20. Qd1 Bh6 21. h4 Rb7
22. g4 Rbb8 23. g5 Bf8 24. Ng3 Be7 25. h5 Kg7 26. Qg4 d4 27. h6+ Kg8 28. Ne4
dxc3 29. Rxc3 Rd4 30. Qf3 Rbd8 31. Kh2 Nb4 32. Nf2 Nd5 33. Rd3 c4 34. Rxd4 Qxd4
35. Ne4 Rb8 36. Qf2 Qxe4 37. Qa7 Qe2+ 38. Kg1 Rb3 39. Qf2 Bc5 0-1

[Event "I Weekend B"]
[Site "Noale ITA"]
[Date "2008.02.09"]
[Round "2"]
[White "Rigato, Leonardo"]
[Black "Sorbera, Giovanni"]
[Result "0-1"]
[WhiteElo "1583"]
[BlackElo "1848"]
[PlyCount "120"]
[EventDate "2008.02.08"]

1. d4 Nf6 2. c4 c5 3. d5 b5 4. b3 g6 5. Bb2 Bg7 6. Nd2 O-O 7. Ngf3 d6 8. e4 Qa5
9. Qc2 bxc4 10. bxc4 Nfd7 11. Bxg7 Kxg7 12. Be2 Na6 13. a3 f6 14. O-O Ne5 15.
h3 Bd7 16. Nh4 Rab8 17. f4 Ba4 18. Qc1 Nf7 19. Rb1 Rxb1 20. Nxb1 Nb8 21. g4 Nd7
22. g5 fxg5 23. fxg5 Nfe5 24. Rxf8 Kxf8 25. Nf3 Nxf3+ 26. Bxf3 Ne5 27. Be2 Bd7
28. Kg2 Qa6 29. Qc3 Qb6 30. Nd2 Kg8 31. Nf3 Nxf3 32. Bxf3 Ba4 33. e5 Qb3 34.
Qe1 Qb2+ 35. Qe2 Qxe2+ 36. Bxe2 Kf7 37. exd6 exd6 38. Bd3 Ke7 39. Kf2 Kd7 40.
Ke2 Kc7 41. Kd2 Kb6 42. Bc2 Ka5 43. h4 a6 44. Bd3 Bd7 45. Kc3 Ka4 46. Kb2 Bg4
47. Bc2+ Ka5 48. Kc3 Bd7 49. h5 gxh5 50. Bxh7 h4 51. Be4 h3 52. g6 Be8 53. g7
Bf7 54. Bf3 h2 55. Be4 Ka4 56. Kb2 Ka5 57. Kb3 Kb6 58. Ka4 Bg8 59. Bf3 Bh7 60.
Bg2 Bc2# 0-1

[Event "I Weekend B"]
[Site "Noale ITA"]
[Date "2008.02.09"]
[Round "2"]
[White "Scandiuzzi, Roberto"]
[Black "Massarotto, Gianmarco"]
[Result "1/2-1/2"]
[WhiteElo "1410"]
[BlackElo "1446"]
[PlyCount "73"]
[EventDate "2008.02.08"]

1. d4 Nf6 2. c4 g6 3. Nf3 d6 4. g3 Bg7 5. Bg2 O-O 6. O-O Nbd7 7. Nc3 e5 8. e4
c6 9. d5 Nc5 10. Re1 Nh5 11. Be3 f5 12. Bxc5 dxc5 13. dxc6 bxc6 14. Qc2 f4 15.
Rad1 Qe7 16. Ne2 Bg4 17. Rf1 Rad8 18. Rd2 Rxd2 19. Qxd2 Rd8 20. Qc2 Rd6 21. Rd1
Rxd1+ 22. Qxd1 Qd7 23. Qxd7 Bxd7 24. h3 fxg3 25. fxg3 Be6 26. b3 Bf6 27. Kf2
Kf7 28. h4 h6 29. Neg1 a5 30. Bh3 Bxh3 31. Nxh3 Ke6 32. Nh2 Bg7 33. Ng4 Nf6 34.
Nxf6 Bxf6 35. Kf3 Kd6 36. Ke3 Kc7 37. a4 1/2-1/2

[Event "I Weekend B"]
[Site "Noale ITA"]
[Date "2008.02.09"]
[Round "2"]
[White "Sorbera, Enrico"]
[Black "Alfier, Cecilia"]
[Result "1-0"]
[WhiteElo "1720"]
[BlackElo "1263"]
[PlyCount "37"]
[EventDate "2008.02.08"]

1. Nf3 c5 2. g3 b6 3. Bg2 Bb7 4. O-O Nc6 5. c3 e6 6. d3 Qc7 7. Qc2 d5 8. Nbd2
Bd6 9. a3 a5 10. e4 d4 11. Nc4 Ne5 12. Nfxe5 Bxe5 13. Nxe5 Qxe5 14. Bf4 Qf6 15.
Qa4+ Kd8 16. Qb5 e5 17. Bd2 Ba6 18. Qb3 Bxd3 19. Qd5+ 1-0

[Event "I Weekend B"]
[Site "Noale ITA"]
[Date "2008.02.09"]
[Round "2"]
[White "Zabeo, Gianpaolo"]
[Black "Pasqualetto, Lorenzo"]
[Result "1-0"]
[WhiteElo "1443"]
[BlackElo "1404"]
[PlyCount "66"]
[EventDate "2008.02.08"]

1. c4 Nf6 2. d4 g6 3. Nc3 Bg7 4. e4 d6 5. Be3 Nbd7 6. Nf3 e5 7. Be2 O-O 8. d5
b6 9. h4 Bb7 10. Nd2 Ne8 11. g3 f5 12. Nf3 fxe4 13. Nxe4 Nef6 14. Nfd2 c6 15.
Nxd6 cxd5 16. Nxb7 Qc8 17. cxd5 Qxb7 18. Bc4 Nxd5 19. Ne4 Qc8 20. Bxd5+ Kh8 21.
Bxa8 Qxa8 22. f3 Rd8 23. Qe2 Qd5 24. O-O Qe6 25. Kg2 Nf6 26. Rad1 Rf8 27. Rd6
Qe7 28. Bg5 h6 29. Bxf6 Bxf6 30. Rfd1 Bg7 31. Rd7 Qe6 32. R1d6 Qxa2 33. Qd2 Rc8
1-0

[Event "I Weekend B"]
[Site "Noale ITA"]
[Date "2008.02.09"]
[Round "2"]
[White "Zen, Gianni"]
[Black "Tasson, Giovanni"]
[Result "1-0"]
[WhiteElo "1449"]
[BlackElo "1517"]
[PlyCount "77"]
[EventDate "2008.02.08"]

1. e4 e5 2. Nf3 Nc6 3. Bc4 Bc5 4. d3 Nf6 5. h3 O-O 6. c3 a5 7. a4 d5 8. exd5
Nxd5 9. O-O Be6 10. Re1 Qd6 11. Nbd2 f5 12. Ng5 Bf7 13. Nxf7 Rxf7 14. Qh5 Rf6
15. Nf3 h6 16. Bb3 Kh8 17. Ng5 Raf8 18. d4 Ba7 19. dxe5 Nxe5 20. Rd1 Qb6 21.
Bxd5 Qxf2+ 22. Kh1 Rd6 23. Nf3 Nc4 24. Bf4 Ne3 25. Bxe3 Bxe3 26. Ne5 Rb6 27.
Ng6+ Rxg6 28. Qxg6 f4 29. Be4 Kg8 30. Qh7+ Kf7 31. Rd7+ Ke6 32. Qxg7 Bc5 33.
Bd5+ Kf5 34. Qg4+ Ke5 35. Qh5+ Rf5 36. Qe8+ Kf6 37. Rf7+ Kg5 38. Qg8+ Kh4 39.
Qg4# 1-0

[Event "I Weekend B"]
[Site "Noale ITA"]
[Date "2008.02.09"]
[Round "3"]
[White "Ballarin, Pietro"]
[Black "Faggian, Diego"]
[WhiteElo "1625"]
[BlackElo "1359"]
[Result "1-0"]
[PlyCount "85"]
[EventDate "2008.02.08"]

1. e4 c5 2. Nf3 Nf6 3. e5 Nd5 4. c3 e6 5. d4 b6 6. Bd3 Bb7 7. O-O cxd4 8. cxd4
d6 9. Bb5+ Nd7 10. Nbd2 Nc7 11. Bd3 dxe5 12. dxe5 Nc5 13. Bc2 Ba6 14. Re1 Bd3
15. b4 Bxc2 16. Qxc2 Nd3 17. Qc6+ Qd7 18. Qxd7+ Kxd7 19. Rd1 Nxb4 20. Ng5 Ke8
21. Nde4 Ncd5 22. Bb2 Be7 23. a3 Nc6 24. Rac1 Rc8 25. Rd2 f6 26. exf6 Nxf6 27.
Nxf6+ Bxf6 28. Bxf6 gxf6 29. Nxe6 Kf7 30. Nf4 Rhd8 31. Rdc2 Ne7 32. g3 a5 33.
a4 Rxc2 34. Rxc2 Nd5 35. Rd2 b5 36. axb5 a4 37. Rxd5 Rb8 38. Rd7+ Ke8 39. Ra7
Rxb5 40. Rxa4 Kf7 41. Ra7+ Kg8 42. Kg2 Rb2 43. Nd5 1-0

[Event "I Weekend B"]
[Site "Noale ITA"]
[Date "2008.02.09"]
[Round "3"]
[White "Demiraj, Rumi"]
[Black "Castellano, Alfonso"]
[Result "0-1"]
[WhiteElo "1892"]
[BlackElo "1936"]
[PlyCount "64"]
[EventDate "2008.02.08"]

1. e4 c5 2. Nf3 d6 3. d4 cxd4 4. Nxd4 Nf6 5. Nc3 a6 6. Be2 e5 7. Nb3 Be7 8. O-O
O-O 9. f4 b5 10. a3 Bb7 11. Bf3 Nbd7 12. f5 Qb6+ 13. Kh1 h6 14. Qe2 Rac8 15.
Be3 Qc7 16. g4 Nh7 17. Kg2 Nb6 18. Nd2 Rfd8 19. Rac1 Bg5 20. Bxg5 Nxg5 21. h4
Nxf3 22. Kxf3 d5 23. Kg3 dxe4 24. Ndxe4 Nc4 25. g5 Qb6 26. gxh6 Qxh6 27. f6 g6
28. h5 Ne3 29. Rf2 Nf5+ 30. Kh2 Qxc1 31. Rxf5 Bxe4 32. Nxe4 Rxc2 0-1

[Event "I Weekend B"]
[Site "Noale ITA"]
[Date "2008.02.09"]
[Round "3"]
[White "Fragni, Enrico"]
[Black "Zabeo, Gianpaolo"]
[Result "1-0"]
[WhiteElo "1731"]
[BlackElo "1443"]
[PlyCount "71"]
[EventDate "2008.02.08"]

1. d4 d5 2. Nf3 Nc6 3. c3 Nf6 4. Bg5 Bf5 5. Nbd2 e6 6. Nh4 Be7 7. Nxf5 exf5 8.
Qc2 Ne4 9. Bxe7 Qxe7 10. e3 O-O 11. Nf3 f4 12. O-O-O fxe3 13. fxe3 Rfe8 14. Bd3
Qf6 15. Rde1 Re7 16. Rhf1 Qd6 17. g3 Rae8 18. Nh4 g6 19. Rf4 Re6 20. Rg4 Kg7
21. Nf5+ Kf8 22. Nxd6 Rxd6 23. Bxe4 dxe4 24. Rxe4 Nb4 25. Rxe8+ Kxe8 26. cxb4
Rc6 27. Qxc6+ bxc6 28. Kd2 Ke7 29. Kd3 Kd6 30. e4 f6 31. Kc4 a6 32. a4 h6 33.
e5+ fxe5 34. dxe5+ Ke6 35. Kc5 h5 36. h4 1-0

[Event "I Weekend B"]
[Site "Noale ITA"]
[Date "2008.02.09"]
[Round "3"]
[White "Goattin, Luca"]
[Black "Sorbera, Enrico"]
[Result "1-0"]
[WhiteElo "1774"]
[BlackElo "1720"]
[PlyCount "73"]
[EventDate "2008.02.08"]

1. e4 d6 2. d4 c6 3. Nc3 Nd7 4. f4 e5 5. Nf3 Qc7 6. Bd3 Ngf6 7. O-O b5 8. Ne2
Bb7 9. c3 a6 10. Ng3 c5 11. h3 h5 12. d5 c4 13. Bc2 a5 14. Qe1 Nc5 15. fxe5
dxe5 16. Bg5 Be7 17. Nf5 O-O 18. Nxe7+ Qxe7 19. Nh4 Ncd7 20. Qg3 Qd6 21. Nf5
Qa6 22. Bh6 g6 23. Bxf8 Rxf8 24. Qg5 Nh7 25. Qg3 Qb6+ 26. Kh1 Qc5 27. Nh4 Bc8
28. Rf3 Nhf6 29. Raf1 Qd6 30. Nf5 Qb6 31. Ne7+ Kg7 32. Nc6 Bb7 33. Nxe5 Nxe5
34. Qxe5 Re8 35. Qxf6+ Qxf6 36. Rxf6 Re7 37. Rb6 1-0

[Event "I Weekend B"]
[Site "Noale ITA"]
[Date "2008.02.09"]
[Round "3"]
[White "Mancin, Michele"]
[Black "Battagin, Mose'"]
[Result "0-1"]
[WhiteElo "1782"]
[BlackElo "1839"]
[PlyCount "89"]
[EventDate "2008.02.08"]

1. e4 d6 2. d4 Nf6 3. Nc3 g6 4. f4 Bg7 5. h3 O-O 6. Nf3 Na6 7. Be3 b6 8. Bd3 c5
9. e5 dxe5 10. dxe5 Nd5 11. Nxd5 Qxd5 12. Qe2 Nb4 13. Bc4 Qe4 14. Bd3 Nxd3+ 15.
Qxd3 Qb4+ 16. Qc3 a5 17. Qxb4 axb4 18. g4 Bb7 19. O-O Be4 20. Rf2 Ra6 21. Bc1
Rfa8 22. a3 f6 23. exf6 exf6 24. c3 bxc3 25. bxc3 Rd8 26. Rd2 Raa8 27. Kf2 Bh6
28. Rxd8+ Rxd8 29. Be3 Rd3 30. g5 fxg5 31. Nxg5 Bf5 32. h4 Rxc3 33. Rd1 Bd3 34.
Kf3 Rxa3 35. Re1 Bf5 36. Rd1 Rd3 37. Ra1 Bxg5 38. fxg5 Kf7 39. Ra7+ Rd7 40. Ra8
Ke7 41. Rb8 Rd6 42. Bf4 Rc6 43. Ke3 Ke6 44. Kf3 Kd5 45. Ke3 0-1

[Event "I Weekend B"]
[Site "Noale ITA"]
[Date "2008.02.09"]
[Round "3"]
[White "Massarotto, Gianmarco"]
[Black "Bevilacqua, Paride"]
[Result "1/2-1/2"]
[WhiteElo "1446"]
[BlackElo "1443"]
[PlyCount "86"]
[EventDate "2008.02.08"]

1. Nf3 d6 2. d3 Nf6 3. g3 e5 4. Bg2 g6 5. O-O Bg7 6. e4 O-O 7. Nc3 Be6 8. Ng5
Qd7 9. Nxe6 Qxe6 10. f4 Nc6 11. f5 Qd7 12. g4 Nd4 13. Ne2 Nxe2+ 14. Qxe2 Qc6
15. Bf3 Nd7 16. Qg2 Nb6 17. h4 Rad8 18. Bg5 f6 19. Be3 a6 20. Kh1 d5 21. Bxb6
Qxb6 22. exd5 Qxb2 23. fxg6 hxg6 24. c4 Qxg2+ 25. Kxg2 f5 26. Rab1 b6 27. gxf5
Rxf5 28. Be4 Rxf1 29. Rxf1 Rd6 30. Rc1 Bh6 31. Rc2 g5 32. hxg5 Bxg5 33. c5 bxc5
34. Rxc5 Bd8 35. Rc6 Rxc6 36. dxc6 Kf8 37. Kf3 Ke7 38. Ke3 Kd6 39. d4 exd4+ 40.
Kxd4 Bf6+ 41. Kc4 Ke5 42. Bg2 Bh4 43. Kc3 Be1+ 1/2-1/2

[Event "I Weekend B"]
[Site "Noale ITA"]
[Date "2008.02.09"]
[Round "3"]
[White "Nardin, Antonio"]
[Black "Chiesa, Roberto"]
[Result "0-1"]
[WhiteElo "1485"]
[BlackElo "1733"]
[PlyCount "58"]
[EventDate "2008.02.08"]

1. e4 e6 2. Nf3 d5 3. e5 c5 4. d4 cxd4 5. Nxd4 Nc6 6. Bb5 Bd7 7. Bxc6 bxc6 8.
O-O Ne7 9. Bg5 Qb6 10. Nb3 Ng6 11. Re1 a5 12. Bc1 a4 13. Nd4 Bc5 14. c3 O-O 15.
Nd2 Be7 16. N2f3 c5 17. Ne2 f6 18. Nf4 Nxe5 19. Nxe5 fxe5 20. Nxd5 exd5 21.
Qxd5+ Qe6 22. Qxe6+ Bxe6 23. Rxe5 Kf7 24. f3 Bd6 25. Re4 Bf5 26. Rc4 Bd3 27.
Rg4 c4 28. b3 axb3 29. Bb2 Rxa2 0-1

[Event "I Weekend B"]
[Site "Noale ITA"]
[Date "2008.02.09"]
[Round "3"]
[White "Pasqualetto, Lorenzo"]
[Black "Menin, Massimo"]
[Result "0-1"]
[WhiteElo "1404"]
[BlackElo "1520"]
[PlyCount "74"]
[EventDate "2008.02.08"]

1. e4 e5 2. Nf3 Nc6 3. Nc3 Nf6 4. d4 exd4 5. Nxd4 Bb4 6. Nxc6 Bxc3+ 7. bxc3
bxc6 8. Bd3 d6 9. Bg5 O-O 10. O-O h6 11. Bh4 g5 12. Bg3 Bg4 13. Qd2 Kg7 14. f4
Nh5 15. Qe3 Nxg3 16. Qxg3 Bd7 17. fxg5 Qxg5 18. Qf3 Bg4 19. Qg3 Be6 20. Qxg5+
hxg5 21. a3 Rab8 22. Rab1 Rb6 23. Rb4 c5 24. Ra4 Ra8 25. e5 dxe5 26. Be4 c6 27.
Rd1 f5 28. Rd6 Kf7 29. Rxc6 Rxc6 30. Bxc6 Rc8 31. Rxa7+ Kf6 32. Ra6 Rd8 33. Ba4
e4 34. Rc6 c4 35. Bb5 e3 36. Bxc4 Rd1+ 37. Bf1 e2 0-1

[Event "I Weekend B"]
[Site "Noale ITA"]
[Date "2008.02.09"]
[Round "3"]
[White "Patuelli, Matteo"]
[Black "Forato, Sergio Paolo"]
[Result "0-1"]
[WhiteElo "1419"]
[BlackElo "1634"]
[PlyCount "110"]
[EventDate "2008.02.08"]

1. Nf3 Nf6 2. g3 g6 3. Bg2 Bg7 4. O-O O-O 5. d3 d6 6. Nbd2 c6 7. e4 e5 8. c3 h6
9. Nc4 Be6 10. Ne3 Qd7 11. Qc2 Na6 12. d4 Ng4 13. Nxg4 Bxg4 14. dxe5 Bxf3 15.
Bxf3 dxe5 16. Rd1 Qe7 17. Be3 c5 18. Rd3 Rfd8 19. Rad1 Rxd3 20. Rxd3 Rd8 21. b3
Rxd3 22. Qxd3 Nc7 23. Qd2 Kh7 24. Bg2 b6 25. f4 Nb5 26. a4 exf4 27. Bxf4 Bxc3
28. Qd3 Bd4+ 29. Be3 Bxe3+ 30. Qxe3 Nd4 31. Qd3 a5 32. Qc4 Kg7 33. Qd5 Qe6 34.
Qxe6 fxe6 35. Bf1 Nxb3 36. Bc4 Nd4 37. Kf2 Kf6 38. Ke3 Ke5 39. h4 g5 40. Kd3
gxh4 41. gxh4 Nf3 42. h5 Ng5 43. Bb3 Nxe4 44. Bc2 Nf6 45. Kc4 Nd5 46. Bg6 Nc7
47. Kd3 Kf4 48. Be4 Ne8 49. Bg6 Nd6 50. Ke2 e5 51. Kf2 Ne4+ 52. Ke2 Nc3+ 53.
Kd3 Ne4 54. Bxe4 c4+ 55. Kxc4 Kxe4 0-1

[Event "I Weekend B"]
[Site "Noale ITA"]
[Date "2008.02.09"]
[Round "3"]
[White "Simionato, Jessica"]
[Black "Daccico, Gianni"]
[Result "1/2-1/2"]
[WhiteElo "1389"]
[BlackElo "1422"]
[PlyCount "63"]
[EventDate "2008.02.08"]

1. d4 Nf6 2. c4 d6 3. Nc3 g6 4. e4 Bg7 5. Bg5 O-O 6. Be2 e5 7. d5 c5 8. h4 h6
9. Bxf6 Bxf6 10. h5 g5 11. Qd2 Bg7 12. g3 f6 13. f4 Bd7 14. O-O-O a5 15. a4 Na6
16. Nb5 Bxb5 17. cxb5 Nb4 18. Kb1 b6 19. Nh3 Rc8 20. Rc1 Rc7 21. Bg4 Re8 22.
fxg5 fxg5 23. Rhf1 Ree7 24. Be6+ Kh8 25. Nf2 c4 26. Rc3 Qe8 27. g4 Rc5 28. Rcc1
Rec7 29. Qe2 Nd3 30. Nxd3 cxd3 31. Qxd3 Qf8 32. Bf5 1/2-1/2

[Event "I Weekend B"]
[Site "Noale ITA"]
[Date "2008.02.09"]
[Round "3"]
[White "Sorbera, Giovanni"]
[Black "De Nardi, Riccardo"]
[Result "0-1"]
[WhiteElo "1848"]
[BlackElo "1959"]
[PlyCount "100"]
[EventDate "2008.02.08"]

1. e4 c5 2. Nf3 Nc6 3. c3 Nf6 4. e5 Nd5 5. d4 cxd4 6. cxd4 e6 7. Nc3 Nxc3 8.
bxc3 d6 9. exd6 Bxd6 10. Bd3 Qc7 11. O-O O-O 12. Re1 Rd8 13. Ne5 Bxe5 14. dxe5
Nxe5 15. Bf4 Rxd3 16. Qxd3 Nxd3 17. Bxc7 Nxe1 18. Rd1 Nf3+ 19. gxf3 h6 20. Rd8+
Kh7 21. Rf8 Kg6 22. h4 h5 23. Re8 b5 24. Kg2 Bb7 25. Rxa8 Bxa8 26. Kg3 Bd5 27.
a3 Kf5 28. Bb8 a6 29. Bd6 f6 30. f4 g5 31. fxg5 fxg5 32. hxg5 Kxg5 33. f3 h4+
34. Kh3 Bxf3 35. Be7+ Kf4 36. Bxh4 e5 37. Kh2 Ke3 38. Be1 e4 39. Kg1 Ke2 40.
Bg3 e3 41. Bd6 Kd1 42. Bb4 e2 43. c4 bxc4 44. Ba5 Be4 45. Bb4 Bd3 46. Kg2 Kc2
47. Kf2 c3 48. Ke1 Kb2 49. Be7 c2 50. Bf6+ Kb1 0-1

[Event "I Weekend B"]
[Site "Noale ITA"]
[Date "2008.02.09"]
[Round "3"]
[White "Tasson, Giovanni"]
[Black "Cinesi, Giuseppe"]
[Result "1-0"]
[WhiteElo "1517"]
[BlackElo "1323"]
[PlyCount "73"]
[EventDate "2008.02.08"]

1. e4 e5 2. Nf3 Nc6 3. Bb5 Nf6 4. d3 Bc5 5. Bg5 O-O 6. O-O a6 7. Bxc6 bxc6 8.
Nxe5 Bd4 9. Nc4 h6 10. Bh4 a5 11. c3 Bc5 12. e5 g5 13. exf6 gxh4 14. Qf3 d5 15.
Ne5 Bb7 16. Ng4 Bc8 17. Nxh6+ Kh7 18. Qh5 Qxf6 19. Ng4+ Kg7 20. Nxf6 Kxf6 21.
d4 Bd6 22. Re1 Rg8 23. Qxh4+ Kg7 24. Re3 Bd7 25. Nd2 Rh8 26. Qg5+ Kf8 27. f4 c5
28. Rg3 Be7 29. Qg7+ Ke8 30. Qxh8+ Bf8 31. Rg8 Ke7 32. Qe5+ Be6 33. f5 Ra7 34.
fxe6 fxe6 35. Rg6 Ra6 36. Qxc7+ Ke8 37. Qc8+ 1-0

[Event "I Weekend B"]
[Site "Noale ITA"]
[Date "2008.02.09"]
[Round "3"]
[White "Tomio, Dante"]
[Black "Casale, Anania"]
[Result "1-0"]
[WhiteElo "1947"]
[BlackElo "1739"]
[PlyCount "75"]
[EventDate "2008.02.08"]

1. d4 Nf6 2. Nf3 e6 3. Bg5 Be7 4. Nbd2 d5 5. e3 O-O 6. Bd3 h6 7. Bf4 c5 8. c3
Nbd7 9. Ne5 Nxe5 10. dxe5 Nd7 11. h4 f6 12. Qg4 f5 13. Qg6 Qe8 14. Qxe6+ Qf7
15. Qxf7+ Kxf7 16. Nf3 Kg8 17. O-O-O Nb6 18. h5 Be6 19. Rdg1 Rad8 20. Nh4 Bxh4
21. Rxh4 d4 22. exd4 cxd4 23. Bc2 dxc3 24. bxc3 Bxa2 25. g4 fxg4 26. Rhxg4 Rd7
27. Bxh6 Rxf2 28. Rxg7+ Rxg7 29. Rxg7+ Kh8 30. Rxb7 Rf1+ 31. Kb2 Bd5 32. Rb8+
Bg8 33. Bb3 Rf2+ 34. Ka3 Rg2 35. e6 Kh7 36. e7 Nc4+ 37. Bxc4 Bxc4 38. e8=Q 1-0

[Event "I Weekend B"]
[Site "Noale ITA"]
[Date "2008.02.09"]
[Round "3"]
[White "Tonolo, Maurizio"]
[Black "Zen, Gianni"]
[Result "1-0"]
[WhiteElo "1734"]
[BlackElo "1449"]
[PlyCount "87"]
[EventDate "2008.02.08"]

1. c4 f5 2. d4 Nf6 3. Nf3 c5 4. Nc3 cxd4 5. Nxd4 e6 6. g3 a6 7. Bg2 Bc5 8. O-O
O-O 9. h3 Qb6 10. Nb3 Qc7 11. Nxc5 Qxc5 12. Na4 Qc7 13. Be3 Nc6 14. Bc5 Rf7 15.
Bd6 Qd8 16. c5 Ne8 17. Nb6 Ra7 18. e4 Nxd6 19. Qxd6 Rf8 20. Rad1 Qf6 21. f4 Qg6
22. exf5 Qxf5 23. Rfe1 Qg6 24. Kh2 Qc2 25. Nxc8 Rxc8 26. Qxd7 Raa8 27. Qxe6+
Kh8 28. Kh1 Qxc5 29. Re4 Qf2 30. Rde1 h6 31. Qd7 Rf8 32. Qxb7 Na5 33. Qb4 Nc6
34. Qc3 Rac8 35. R4e2 Qb6 36. Re6 Qf2 37. Rxh6+ Kg8 38. Bd5+ Rf7 39. Bxf7+ Kxf7
40. Rhe6 Qb6 41. Qc2 Qb7 42. Qg6+ Kg8 43. Re8+ Rxe8 44. Rxe8# 1-0

[Event "I Weekend B"]
[Site "Noale ITA"]
[Date "2008.02.09"]
[Round "3"]
[White "Trangoni, Bruno"]
[Black "Bagolin, Renzo"]
[WhiteElo "1972"]
[BlackElo "1866"]
[Result "1-0"]
[PlyCount "43"]
[EventDate "2008.02.08"]

1. Nf3 f5 2. e4 fxe4 3. Ng5 Nf6 4. d3 e6 5. dxe4 Nc6 6. Bc4 Be7 7. Nc3 O-O 8.
Be3 Ne5 9. Be2 Ne8 10. Nh3 Nd6 11. O-O b6 12. f4 Ng6 13. f5 exf5 14. Qd5+ Kh8
15. Qxa8 c6 16. Qxa7 fxe4 17. Qxb6 Qe8 18. Rxf8+ Qxf8 19. Rf1 Qg8 20. Qd4 Qe6
21. Ng5 Bxg5 22. Bxg5 1-0

[Event "I Weekend B"]
[Site "Noale ITA"]
[Date "2008.02.10"]
[Round "4"]
[White "Alfier, Cecilia"]
[Black "Massarotto, Gianmarco"]
[Result "1-0"]
[WhiteElo "1263"]
[BlackElo "1446"]
[PlyCount "103"]
[EventDate "2008.02.08"]

1. e4 g6 2. d4 d6 3. Be3 Nf6 4. Nc3 Bg7 5. Qd2 O-O 6. Bh6 c5 7. Bxg7 Kxg7 8.
O-O-O cxd4 9. Qxd4 Nc6 10. Qa4 Qb6 11. Rd2 Bd7 12. Bb5 a6 13. Bxc6 Bxc6 14. Qd4
Qxd4 15. Rxd4 Rad8 16. f3 e5 17. Rd2 d5 18. exd5 Nxd5 19. Nxd5 Rxd5 20. Rxd5
Bxd5 21. a3 Rd8 22. Ne2 Bc6 23. Rd1 Rxd1+ 24. Kxd1 f5 25. Ng1 Kf6 26. Ke2 g5
27. g3 h5 28. h4 e4 29. f4 gxf4 30. gxf4 Ke6 31. c4 b5 32. cxb5 Bxb5+ 33. Ke3
Kd5 34. Ne2 Bxe2 35. Kxe2 Kd4 36. b3 e3 37. b4 Kc4 38. Kxe3 Kc3 39. Ke2 Kc2 40.
Ke3 Kb3 41. Kd3 Kxa3 42. Kc3 Ka4 43. Kc4 Ka3 44. b5 axb5+ 45. Kxb5 Kb3 46. Kc5
Kc3 47. Kd5 Kd3 48. Ke5 Ke3 49. Kxf5 Kf3 50. Kg5 Ke4 51. f5 Ke5 52. Kg6 1-0

[Event "I Weekend B"]
[Site "Noale ITA"]
[Date "2008.02.10"]
[Round "4"]
[White "Bagolin, Renzo"]
[Black "Fragni, Enrico"]
[Result "1-0"]
[WhiteElo "1866"]
[BlackElo "1731"]
[PlyCount "93"]
[EventDate "2008.02.08"]

1. c4 d6 2. Nc3 c6 3. g3 Nf6 4. Bg2 e5 5. d3 Be7 6. Nf3 h6 7. O-O Bg4 8. a3 a5
9. Qb3 Qc7 10. Be3 Nbd7 11. Na4 Bd8 12. Rac1 O-O 13. h3 Be6 14. Nc3 Rb8 15. Qc2
Bf5 16. Nd2 Re8 17. b4 axb4 18. axb4 Ra8 19. Ra1 Be7 20. b5 d5 21. Ba7 Nb6 22.
Bxb6 Qxb6 23. bxc6 bxc6 24. Rfb1 Qc7 25. Kh2 Bd6 26. Na4 e4 27. Nf1 Nh5 28.
cxd5 cxd5 29. Qxc7 Bxc7 30. Nc5 Nf6 31. Ne3 Bg6 32. d4 h5 33. h4 Ba5 34. Rb5
Bc7 35. Rb7 Ba5 36. Nd7 Bc3 37. Nxf6+ gxf6 38. Nxd5 Bxd4 39. Rd1 Be5 40. Ne7+
Kg7 41. Nxg6 Kxg6 42. Bxe4+ Kg7 43. Rxf7+ Kxf7 44. Bxa8 Kg6 45. Bf3 Kf5 46.
Bxh5 Rh8 47. Bf7 {...} 1-0

[Event "I Weekend B"]
[Site "Noale ITA"]
[Date "2008.02.10"]
[Round "4"]
[White "Casale, Anania"]
[Black "Mancin, Michele"]
[Result "0-1"]
[WhiteElo "1739"]
[BlackElo "1782"]
[PlyCount "72"]
[EventDate "2008.02.08"]

1. d4 d5 2. c4 c6 3. Nc3 Nf6 4. Nf3 e6 5. Bg5 Be7 6. e3 O-O 7. Bd3 dxc4 8. Bxc4
b5 9. Bd3 a6 10. Qc2 h6 11. Bf4 Bb7 12. Rd1 Qa5 13. O-O c5 14. dxc5 Bxf3 15.
gxf3 Nc6 16. Ne4 e5 17. Nxf6+ Bxf6 18. Bg3 Qc7 19. Be4 Rad8 20. a3 h5 21. f4 h4
22. fxe5 hxg3 23. exf6 gxh2+ 24. Kh1 Rxd1 25. Rxd1 Ne5 26. fxg7 Kxg7 27. f4 Ng6
28. Qxh2 Rh8 29. Qxh8+ Kxh8 30. c6 Kg7 31. Rd7 Qc8 32. Bd5 Kh6 33. f5 Ne5 34.
Rd6+ Kg5 35. Bg2 Nxc6 36. Bxc6 Qc7 0-1

[Event "I Weekend B"]
[Site "Noale ITA"]
[Date "2008.02.10"]
[Round "4"]
[White "Castellano, Alfonso"]
[Black "Trangoni, Bruno"]
[Result "1/2-1/2"]
[WhiteElo "1936"]
[BlackElo "1972"]
[PlyCount "91"]
[EventDate "2008.02.08"]

1. c4 g6 2. Nc3 Bg7 3. g3 d6 4. Bg2 e5 5. e4 Ne7 6. Nge2 Nbc6 7. d3 O-O 8. O-O
Be6 9. Be3 h6 10. Nd5 f5 11. f4 a6 12. Rc1 Qd7 13. Qd2 Kh7 14. b4 Nd4 15. Nxd4
exd4 16. Bf2 Nc8 17. b5 a5 18. Qb2 c6 19. bxc6 bxc6 20. Nb6 Nxb6 21. exf5 Bxf5
22. Qxb6 Bxd3 23. Bxc6 Qd8 24. Qxd8 Raxd8 25. Rfd1 Be2 26. Rd2 Rc8 27. Bd5 d3
28. Be4 Rf7 29. Bxd3 Bxd3 30. Rxd3 Rfc7 31. Rxd6 Rxc4 32. Rcd1 Rc2 33. R1d2 h5
34. Rd7 R8c7 35. Rxc2 Rxd7 36. Kg2 Bf8 37. Bb6 Rd5 38. Kf3 Bb4 39. Ke4 Rd1 40.
Ke5 Kg8 41. Bd4 Kf7 42. Kd5 Ke7 43. Kc4 Ke6 44. Bc5 Be1 45. Bd4 Kf5 46. Bf2
1/2-1/2